000 01316cam a2200253 4500
001 ##L135512
002 ##11547
008 061103n2006 000 0 eng u
020 _a0955363608
035 _a(Sirsi) u135512
041 0 _aeng
050 _a690 $2 18
100 1 _aPearson, Christopher J.
245 0 4 _aThe complete guide to external wall insulation
260 _a[S.l.]
_bYork Publishing Service
_c2006
300 _a308p.
_bill.
_c24cm
350 _a50
505 0 1 _aOverview of external wall insulation -- Syatem performance -- materials and components -- Design and detailed drawings -- Installation and repairs -- Application
520 _aCollates all of the technical information needed for external wall insulation to be installed on building and refurbishment projects. Since the major energy saving interest in the United Kingdom is concerned with up-grading dwellings and public sector buildings, such as schools and hospitals, those areas on which attention is focused. However, some consideration has been devoted to the use of external insulation on the walls of new buildings where air-conditioning is used.
590 _aIKA141106
651 4 _aUnited Kingdom
_y
690 _aBUILT ENVIRONMENT-BUILDING ELEMENTS-COMPLETE BUILDING ELEMENTS-WALLS-EXTERNAL WALLS
942 _n0
999 _c106083
_d106083